Conferencias internacionales de instrucción pública: recomendaciones 1934-1968

Salvato in:
Dettagli Bibliografici
Ente Autore: UNESCO (Autore)
Natura: Libro
Lingua:spagnolo
Pubblicazione: París UNESCO 1970
Soggetti:
Tags: Aggiungi Tag
Nessun Tag, puoi essere il primo ad aggiungerne!!

MARC

LEADER 00000nam a2200000 a 4500
001 UCW6356
003 CL-VaPUC
008 911125e19700000FR |||||||||||||||||spa|d
082 0 4 |a 370  |b UNE  |2 21 
110 2 |a UNESCO  |e author  |9 311414 
245 1 0 |a Conferencias internacionales de instrucción pública: recomendaciones 1934-1968 
300 |a 401 p 
942 |c BK 
945 |d 19911125 00:00:00 
260 |a París  |b UNESCO  |c 1970 
650 0 |a Educación  |9 258661 
650 7 |a CONGRESOS, CONFERENCIAS, ETC  |2 CL-VaPUC  |9 255444 
583 |a last modification  |c 19911125 00:00:00  |k Rodrigo Vera 
999 |c 219445  |d 219443 
952 |0 0  |1 0  |4 0  |6 370_000000000000000_UNE_1970  |7 0  |8 P  |9 210379  |a BIBEDU  |b BIBEDU  |c BIBEDU_PB  |d 2019-11-15  |i 2784866  |o 370 UNE 1970  |p 2784866  |r 2024-01-25  |w 2019-11-15  |y BK  |k EDU